• 首页
  • 本馆介绍
  • 公告通知
  • 最新文献
  • 馆藏检索
  • 电子资源
  • 读者导购
  • 参考咨询
  • 我的图书馆
  • 登录
  • 详细信息显示
  • 放入我的书架
  • 预约/预借图书
  • 作者相关作品
  • 分类相关作品
  • 丛书相关作品
  • 出版社相关作品

书目信息

  • 表格格式
  • 工作单格式
  • 卡片格式
题名:
2013年全国注册税务师执业资格考试
    
 
作者: ;中华会计网校 编
分册:   税收相关法律应试指南
出版信息: 北京   人民出版社  2013.02
页数: 356页
开本: 26cm
丛书名: 梦想成真系列辅导丛书
单 册:
中图分类: D922.220.4
科图分类:
主题词: 税法--中国--资格考试--自学参考资料 , 税法
电子资源:
ISBN: 978-7-01-011669-3
000 01004oam2 2200277 450
001 0000500025370
005 20130608084524.90
010    @a978-7-01-011669-3@dCNY42.00
100    @a20130325d2013 em y0chiy50 ea
101 0  @achi
102    @aCN@b110000
105    @aak q 000yy
106    @ar
200 1  @a2013年全国注册税务师执业资格考试@92013 nian quan guo zhu ce shui wu shi zhi ye zi ge kao shi@i税收相关法律应试指南@f中华会计网校编
210    @a北京@c人民出版社@d2013.02
215    @a356页@c图@d26cm
225 2  @a梦想成真系列辅导丛书
330    @a本书共分为四部分,主要内容包括:历年考试特点分析及应试技巧;应试指导及同步训练;跨章节综合练习题;全真模拟试题及参考答案。
333    @a参加注册税务师执业资格考试及应试人员
461  0 @12001 @a梦想成真系列辅导丛书
606 0  @a税法@y中国@x资格考试@j自学参考资料
606 0  @a税法
690    @aD922.220.4@v5
711 02 @a中华会计网校@9zhong hua kuai ji wang xiao@4编
801  0 @aCN@b人天书店@c20130325
905    @dD922.220.4@e1013
    
    2013年全国注册税务师执业资格考试.税收相关法律应试指南/中华会计网校编.-北京:人民出版社,2013.02
    356页:图;26cm.-(梦想成真系列辅导丛书)
    使用对象:参加注册税务师执业资格考试及应试人员
    
    ISBN 978-7-01-011669-3:CNY42.00
    本书共分为四部分,主要内容包括:历年考试特点分析及应试技巧;应试指导及同步训练;跨章节综合练习题;全真模拟试题及参考答案。
●
相关链接 在E读中查询图书 在五车中查询图书 在当当中查询图书 在豆瓣中查询图书


正题名:2013年全国注册税务师执业资格考试     索取号:D922.220.4/1013         预约/预借

序号 登录号 条形码 馆藏地/架位号 状态 备注
1 0544016   205440165   第一样本阅览室/ [索取号:D922.220.4/1013] 在馆    
2 0544017   205440174   密集书库-史法系/ [索取号:D922.220.4/1013] 在馆    
3 0544018   205440183   第一借阅区/ [索取号:D922.220.4/1013] 在馆    
唐山师范学院图书馆 欢迎您!
大连网信软件有限公司© 版权所有